01069 a2200205 4500020001500000020001800015082001200033100002100045245005000066250001200116260004000128300002100168490004200189500001500231520038200246700002400628830004200652856008200694856008700776 a0201785684 a978020178568504a332.6731 aSolnik, Bruno H.10aInternational investments /cBruno H. Solnik. a5th ed. a[S.l.] :bPearson Education,c2003. a760 p. ;c24 cm.1 aThe addison-wesley series in finance. aHardcover. aWritten for advanced undergraduates and MBA students and widely used by professionals working in the investments area, International Investments provides accessible coverage of international capital markets. It has been selected by the AIMR as recommended reading for the CFA exam due to its comprehensive and current coverage of international investment concepts and theories.1 aMcLeavey, Dennis W. 4aThe addison-wesley series in finance.403Amazon.comuhttp://www.amazon.com/exec/obidos/ASIN/0201785684/chopaconline-20403Amazon customer reviewsuhttp://www.chopac.org/cgi-bin/tools/azrev.pl?q=0201785684